Basic Islamic teachings (Record no. 550324)

000 -LEADER
fixed length control field 00494nam a2200181Ia 4500
020 ## - INTERNATIONAL STANDARD BOOK NUMBER
International Standard Book Number (pbk)
082 ## - DEWEY DECIMAL CLASSIFICATION NUMBER
Classification number 297
Author Mark KIF
100 ## - MAIN ENTRY--PERSONAL NAME
Personal name Kufayatullah- Mufti
9 (RLIN) 47023
245 ## - TITLE STATEMENT
Title Basic Islamic teachings
Remainder of title Beliefs
250 ## - EDITION STATEMENT
Edition statement 2nd ed.
260 ## - PUBLICATION, DISTRIBUTION, ETC.
Place of publication, distribution, etc. Islamabad
Name of publisher, distributor, etc. Da'wah Academy
Date of publication, distribution, etc. 1998
300 ## - PHYSICAL DESCRIPTION
Extent 45p
526 ## - STUDY PROGRAM INFORMATION NOTE
Program name 0
Interest level 0
Reading level 0
Title point value 297_000000000000000_KIF
526 ## - STUDY PROGRAM INFORMATION NOTE
Program name 0
Interest level 0
Reading level 0
Title point value 297_000000000000000_KIF
526 ## - STUDY PROGRAM INFORMATION NOTE
Program name 0
Interest level 0
Reading level 0
Title point value 297_000000000000000_KIF
650 ## - SUBJECT ADDED ENTRY--TOPICAL TERM
Topical term or geographic name entry element Islam -- Doctrines
942 ## - ADDED ENTRY ELEMENTS (KOHA)
Source of classification or shelving scheme
Koha item type Book
Holdings
Withdrawn status Lost status Source of classification or shelving scheme Damaged status Not for loan Permanent Location Current Location Date acquired Total Checkouts Full call number Barcode Date last seen Date last checked out Price effective from Koha item type
          Military College of Engineering (MCE) Military College of Engineering (MCE) 10/30/2014 1 297 KIF MCE-32520 04/29/2015 12/10/2014 10/30/2014 Book
          Military College of Engineering (MCE) Military College of Engineering (MCE) 10/30/2014 1 297 KIF MCE-32521 03/29/2016 03/18/2016 10/30/2014 Book
          Military College of Engineering (MCE) Military College of Engineering (MCE) 10/30/2014   297 KIF MCE-32519 10/30/2014   10/30/2014 Book
© 2023 Central Library, National University of Sciences and Technology. All Rights Reserved.